Closest countries to Switzerland - Statistics

General Stats
  • This quiz has been taken 901 times
  • The average score is 19 of 20
Answer Stats
km Country miles % Correct
0 France 0
100%
0 Germany 0
100%
0 Italy 0
100%
0 Austria 0
99%
467 Spain 290
97%
243 Belgium 151
96%
0 Liechtenstein 0
95%
535 Poland 332
95%
368 Netherlands 229
94%
223 Slovenia 138
94%
261 Croatia 163
93%
314 Czech Republic 195
93%
500 Slovakia 311
93%
428 Hungary 266
92%
235 Monaco 146
92%
222 Luxembourg 138
91%
309 San Marino 192
91%
514 Vatican City 320
91%
515 Andorra 320
86%
440 Bosnia and Herzegovina 273
85%
No matching quizzes found
Score Distribution
Percent of People with Each Score
Percentile by Number Answered
Your Score History
You have not taken this quiz